Stem cells (Record no. 164159)
[ view plain ]
| 000 -LEADER | |
|---|---|
| fixed length control field | 02088nam a2200349 a 4500 |
| 082 04 - DEWEY DECIMAL CLASSIFICATION NUMBER | |
| Classification number | 612.6/4018 |
| 100 1# - MAIN ENTRY--AUTHOR NAME | |
| Personal name | Taupin, Philippe. |
| 245 10 - TITLE STATEMENT | |
| Title | Stem cells |
| 260 ## - PUBLICATION, DISTRIBUTION, ETC. (IMPRINT) | |
| Place of publication | New York : |
| Name of publisher | Nova Science Publishers, |
| Year of publication | c2009. |
| 300 ## - PHYSICAL DESCRIPTION | |
| Number of Pages | 226 p. : |
| Other physical details | ill. (some col.) |
| 500 ## - GENERAL NOTE | |
| General note | "Nova Biomedical"--Cover. |
| 505 0# - FORMATTED CONTENTS NOTE | |
| Formatted contents note | Neural progenitor and stem cells in the adult central nervous system -- Neurogenesis in the adult central nervous system -- BrdU immunohistochemistry for studying adult neurogenesis : paradigms, pitfalls, limitations, and validation -- Derivation of embryonic stem cells for cellular therapy : challenges and new strategies -- OTI-010 osiris therapeutics/JCR pharmaceuticals -- Adult neural stem cells, neurogenic niches, and cellular therapy -- The therapeutic potential of adult neural stem cells -- Stem cells engineering for cell-based therapy -- Adult neurogenesis pharmacology in neurological diseases and disorders -- Adult neurogenesis, neuroinflammation and therapeutic potential of adult neural stem cells -- Adult neurogenesis and neuroplasticity -- HuCNS-SC stemcells -- Conclusion and perspectives. |
| 650 #0 - SUBJECT ADDED ENTRY--TOPICAL TERM | |
| Topical Term | Neural stem cells. |
| Topical Term | Developmental neurobiology. |
| 856 40 - ELECTRONIC LOCATION AND ACCESS | |
| Uniform Resource Identifier | http://site.ebrary.com/lib/rucke/Doc?id=10675137 |
No items available.
